<?xml version="1.0" encoding="UTF-8"?>
<record
    xmlns:xsi="http://www.w3.org/2001/XMLSchema-instance"
    xsi:schemaLocation="http://www.loc.gov/MARC21/slim http://www.loc.gov/standards/marcxml/schema/MARC21slim.xsd"
    xmlns="http://www.loc.gov/MARC21/slim">

  <leader>00935nam a22002177a 4500</leader>
  <datafield tag="999" ind1=" " ind2=" ">
    <subfield code="c">8214</subfield>
    <subfield code="d">8214</subfield>
  </datafield>
  <controlfield tag="001">21713</controlfield>
  <controlfield tag="003">BD-DhUAP</controlfield>
  <controlfield tag="005">20220918200324.0</controlfield>
  <controlfield tag="008">220918b2022    Ben||||| |||| 001 0 ben d</controlfield>
  <datafield tag="040" ind1=" " ind2=" ">
    <subfield code="a">BD-DhUAP</subfield>
    <subfield code="b">ben</subfield>
    <subfield code="c">BD-DhUAP</subfield>
    <subfield code="d">BD-DhUAP</subfield>
    <subfield code="e">BD-DhUAP</subfield>
  </datafield>
  <datafield tag="082" ind1=" " ind2=" ">
    <subfield code="2">23</subfield>
    <subfield code="a">340.095492 BAN Vo- 2</subfield>
  </datafield>
  <datafield tag="245" ind1=" " ind2=" ">
    <subfield code="a">&#x9AC;&#x9BE;&#x982;&#x9B2;&#x9BE;&#x9A6;&#x9C7;&#x9B6; &#x997;&#x9C7;&#x99C;&#x9C7;&#x99F;:</subfield>
    <subfield code="b">Master Plan &#x9A2;&#x9BE;&#x995;&#x9BE; &#x9AE;&#x9B9;&#x9BE;&#x9A8;&#x997;&#x9B0; &#x98F;&#x9B2;&#x9BE;&#x995;&#x9BE;&#x9B0; &#x9AC;&#x9BF;&#x9B6;&#x9A6; &#x985;&#x99E;&#x9CD;&#x99A;&#x9B2; &#x9AA;&#x9B0;&#x9BF;&#x995;&#x9B2;&#x9CD;&#x9AA;&#x9A8;&#x9BE; &#x9E8;&#x9E6;&#x9E8;&#x9E8;-&#x9E8;&#x9E6;&#x9E9;&#x9EB;&#x964;</subfield>
  </datafield>
  <datafield tag="250" ind1=" " ind2=" ">
    <subfield code="a">&#x9E8;&#x9AF;&#x9BC; &#x996;&#x9A8;&#x9CD;&#x9A1;&#x964;</subfield>
  </datafield>
  <datafield tag="260" ind1=" " ind2=" ">
    <subfield code="a">&#x9A2;&#x9BE;&#x995;&#x9BE;:</subfield>
    <subfield code="b">&#x9B0;&#x9BE;&#x99C;&#x9A7;&#x9BE;&#x9A8;&#x9C0; &#x989;&#x9A8;&#x9CD;&#x9A8;&#x9AF;&#x9BC;&#x9A8; &#x995;&#x9A4;&#x9C3;&#x9AA;&#x995;&#x9CD;&#x9B7; (&#x9B0;&#x9BE;&#x99C;&#x989;&#x995;)&#x964;</subfield>
    <subfield code="c">&#x9E8;&#x9E6;&#x9E8;&#x9E8;&#x964;</subfield>
  </datafield>
  <datafield tag="300" ind1=" " ind2=" ">
    <subfield code="a">&#x9EB;&#x9EA;&#x9EE;&#x9AA;&#x9C3;. ;</subfield>
    <subfield code="b">&#x9E8;&#x9EE; &#x9B8;&#x9C7;&#x9AE;&#x9BF;.&#x964;</subfield>
  </datafield>
  <datafield tag="650" ind1=" " ind2=" ">
    <subfield code="a">Law.</subfield>
    <subfield code="z">Bangladesh.</subfield>
  </datafield>
  <datafield tag="650" ind1=" " ind2=" ">
    <subfield code="a">Gazettes.</subfield>
  </datafield>
  <datafield tag="651" ind1=" " ind2=" ">
    <subfield code="a">Bangladesh.</subfield>
  </datafield>
  <datafield tag="710" ind1=" " ind2=" ">
    <subfield code="a">&#x9B0;&#x9BE;&#x99C;&#x9A7;&#x9BE;&#x9A8;&#x9C0; &#x989;&#x9A8;&#x9CD;&#x9A8;&#x9AF;&#x9BC;&#x9A8; &#x995;&#x9A4;&#x9C3;&#x9AA;&#x995;&#x9CD;&#x9B7; (&#x9B0;&#x9BE;&#x99C;&#x989;&#x995;)&#x964;</subfield>
  </datafield>
  <datafield tag="942" ind1=" " ind2=" ">
    <subfield code="2">ddc</subfield>
    <subfield code="c">BK</subfield>
  </datafield>
  <datafield tag="952" ind1=" " ind2=" ">
    <subfield code="0">0</subfield>
    <subfield code="1">0</subfield>
    <subfield code="2">ddc</subfield>
    <subfield code="4">0</subfield>
    <subfield code="7">0</subfield>
    <subfield code="a">UAPCL</subfield>
    <subfield code="b">UAPCL</subfield>
    <subfield code="c">Reference Stacks </subfield>
    <subfield code="d">2022-09-18</subfield>
    <subfield code="l">2</subfield>
    <subfield code="o">340.095492 BAN Vo- 2</subfield>
    <subfield code="p">3010021713</subfield>
    <subfield code="r">2023-07-05</subfield>
    <subfield code="s">2022-10-06</subfield>
    <subfield code="t">1</subfield>
    <subfield code="v">1000.00</subfield>
    <subfield code="w">2022-09-18</subfield>
    <subfield code="y">BK</subfield>
  </datafield>
</record>
